000 00469nam a2200169 i 4500
001 bg
100 1 _aDACA, Tomasz
245 0 _aĆwiczenia laboratoryjne z fizyki /
_cTomasz Daca, Mieczysław Łukasiewicz, Zdzisław Włodarski.
260 _aSzczecin,
_c1981.
700 1 _aŁUKASIEWICZ, Mieczysław
700 1 _aWŁODARSKI, Zdzisław
040 _cBPK
041 _apol
080 _a53(075.8)(076)
942 _cKS
008 s pl f |000 0 pol
999 _c22133
_d22133
856 _uhttp://koha.tu.koszalin.pl/cgi-bin/koha/opac-detail.pl?biblionumber=22133
_yKatalog online BPK